<?xml version="1.0" encoding="UTF-8"?>
<record
    xmlns:xsi="http://www.w3.org/2001/XMLSchema-instance"
    xsi:schemaLocation="http://www.loc.gov/MARC21/slim http://www.loc.gov/standards/marcxml/schema/MARC21slim.xsd"
    xmlns="http://www.loc.gov/MARC21/slim">

  <leader>01099nam a2200265 i 4500</leader>
  <controlfield tag="001">187209</controlfield>
  <controlfield tag="003">SpMaBN</controlfield>
  <controlfield tag="005">20250628053604.0</controlfield>
  <controlfield tag="008">170508s1987    ck ch        |||| |dspa d</controlfield>
  <datafield tag="080" ind1=" " ind2=" ">
    <subfield code="a">806.0-5(035.3)"18"</subfield>
  </datafield>
  <datafield tag="100" ind1="1" ind2=" ">
    <subfield code="a">Mendoza P&#xE9;rez, Diego.</subfield>
    <subfield code="9">162558</subfield>
  </datafield>
  <datafield tag="245" ind1="1" ind2="0">
    <subfield code="a">Vocabulario gramatical / </subfield>
    <subfield code="c">Diego Mendoza P&#xE9;rez ; estudio biogr&#xE1;fico, bibliogr&#xE1;fico y cr&#xED;tico por Jaime Bernal Leong&#xF3;mez.</subfield>
  </datafield>
  <datafield tag="260" ind1=" " ind2=" ">
    <subfield code="a">Bogot&#xE1; : </subfield>
    <subfield code="b">[Instituto Caro y Cuervo], </subfield>
    <subfield code="c">1987.</subfield>
  </datafield>
  <datafield tag="300" ind1=" " ind2=" ">
    <subfield code="a">CXIII, 312 p. : </subfield>
    <subfield code="b">1 retr. autor ; </subfield>
    <subfield code="c">21 cm.</subfield>
  </datafield>
  <datafield tag="490" ind1="1" ind2=" ">
    <subfield code="a">Publicaciones del Instituto Caro y Cuervo. </subfield>
    <subfield code="a">Minor ; </subfield>
    <subfield code="v">28</subfield>
  </datafield>
  <datafield tag="504" ind1=" " ind2=" ">
    <subfield code="a">Bibliograf&#xED;a: p. [307]-309.</subfield>
  </datafield>
  <datafield tag="534" ind1=" " ind2=" ">
    <subfield code="p">Con reprod. facs. de la ed. de: </subfield>
    <subfield code="c">Tunja : Imp. de Torres Hermanos y C.&#xAA;, 1884.</subfield>
  </datafield>
  <datafield tag="650" ind1=" " ind2="4">
    <subfield code="a">Lengua espa&#xF1;ola-</subfield>
    <subfield code="x">Gram&#xE1;tica.</subfield>
    <subfield code="9">14161</subfield>
  </datafield>
  <datafield tag="700" ind1="1" ind2=" ">
    <subfield code="a">Bernal Leongomez, Jaime.</subfield>
    <subfield code="9">28196</subfield>
  </datafield>
  <datafield tag="710" ind1="2" ind2=" ">
    <subfield code="a">Instituto Caro y Cuervo.</subfield>
    <subfield code="9">4806</subfield>
  </datafield>
  <datafield tag="830" ind1="0" ind2=" ">
    <subfield code="a">Publicaciones del Instituto Caro y Cuervo. </subfield>
    <subfield code="a">Minor ; </subfield>
    <subfield code="v">28</subfield>
    <subfield code="9">192752</subfield>
  </datafield>
  <datafield tag="852" ind1=" " ind2=" ">
    <subfield code="a">ES-MaACL</subfield>
    <subfield code="c">DEPO2</subfield>
    <subfield code="h">Donativo Jos&#xE9; Prat </subfield>
    <subfield code="j">L-31552 </subfield>
  </datafield>
  <datafield tag="942" ind1=" " ind2=" ">
    <subfield code="2">udc</subfield>
    <subfield code="c">MONOGRAFIA</subfield>
    <subfield code="n">0</subfield>
  </datafield>
  <datafield tag="999" ind1=" " ind2=" ">
    <subfield code="c">187209</subfield>
    <subfield code="d">187209</subfield>
  </datafield>
  <datafield tag="952" ind1=" " ind2=" ">
    <subfield code="0">0</subfield>
    <subfield code="1">0</subfield>
    <subfield code="4">0</subfield>
    <subfield code="7">0</subfield>
    <subfield code="a">ATENEOM</subfield>
    <subfield code="b">ATENEOM</subfield>
    <subfield code="c">DEPO2</subfield>
    <subfield code="d">2017-05-08</subfield>
    <subfield code="e">DON</subfield>
    <subfield code="l">0</subfield>
    <subfield code="o">L-31552</subfield>
    <subfield code="p">1197538</subfield>
    <subfield code="r">2023-02-23 00:00:00</subfield>
    <subfield code="w">2023-02-23</subfield>
    <subfield code="y">MONOGRAFIA</subfield>
  </datafield>
</record>
